<The> Role of Influencers in the Consumer Decision-Making Process
Postavenie a role vplyvných osôb ako mienkotvorných činiteľov v prostredí sociálnych médií. Typológia, ovplyvňujúce faktory a intenzita vplyvu influencerov na rozhodovací proces spotrebiteľa na základe porovnania poznatkov z výsledkov globálnych výskumných štúdií a kvantitatívnej online výskumnej št...
Uložené v:
| Hlavný autor: | |
|---|---|
| Ďalší autori: | |
| Médium: | Kapitola |
| Jazyk: | English |
| Predmet: | |
| Tagy: |
Žiadne tagy, Buďte prvý, kto otaguje tento záznam!
|
MARC
| LEADER | 00000naa$a2200000$$$4500 | ||
|---|---|---|---|
| 001 | 0270983 | ||
| 005 | 20240502074244.2 | ||
| 041 | 0 | |a eng | |
| 044 | |a SK | ||
| 245 | 1 | 0 | |a <The> Role of Influencers in the Consumer Decision-Making Process |c Štefan Žák, Mária Hasprová |
| 520 | |a Postavenie a role vplyvných osôb ako mienkotvorných činiteľov v prostredí sociálnych médií. Typológia, ovplyvňujúce faktory a intenzita vplyvu influencerov na rozhodovací proces spotrebiteľa na základe porovnania poznatkov z výsledkov globálnych výskumných štúdií a kvantitatívnej online výskumnej štúdie spracovanej autormi. | ||
| 610 | 2 | 0 | |a rozhodovanie nákupné |
| 610 | 2 | 0 | |a spotrebitelia |
| 610 | 2 | 0 | |a influencer marketing |
| 100 | 1 | |a Žák, Štefan, 1971- | |
| 700 | 1 | |a Hasprová, Mária, 1970- | |